Principios de control químico de malezas en huertos frutales

সংরক্ষণ করুন:
গ্রন্থ-পঞ্জীর বিবরন
প্রধান লেখক: Kogan Alterman, Marcelo (autor), Fernández B., Carlos (Author)
অন্যান্য লেখক: Lazen Rabi, Sergio (autor)
বিন্যাস: গ্রন্থ
ভাষা:স্প্যানিশ
প্রকাশিত: Santiago Universidad de Chile 1973
বিষয়গুলি:
ট্যাগগুলো: ট্যাগ যুক্ত করুন
কোনো ট্যাগ নেই, প্রথমজন হিসাবে ট্যাগ করুন!

MARC

LEADER 00000nam a2200000 a 4500
001 UCQ7295
003 CL-VaPUC
008 981107e19730000CL |||||||||||||||||spa|d
082 0 4 |a 632.58  |b KOG  |2 21 
100 |a Kogan Alterman, Marcelo  |e autor  |9 524390 
700 |a Lazen Rabi, Sergio  |e autor  |9 421170 
700 0 |a Fernández B., Carlos  |e author  |9 421171 
245 1 0 |a Principios de control químico de malezas en huertos frutales 
300 |a 74 p 
942 |c BK 
945 |d 19981107 00:00:00  |a aarredon 
260 |a Santiago  |b Universidad de Chile  |c 1973 
650 0 |a Malezas  |9 264171 
650 0 |a Control de malezas  |9 259684 
650 7 |a CONTROL DE QUIMICO  |2 CL-VaPUC  |9 421172 
650 0 |a Herbicidas  |9 393022 
650 0 |a Huertos  |9 264866 
650 0 |a Árboles frutales   |9 264297 
650 7 |a SUELO  |2 CL-VaPUC  |9 348469 
650 0 |a Manzano   |9 264722 
650 7 |a CIRUELO  |2 CL-VaPUC  |9 264267 
583 |a last modification  |c 19981107 00:00:00  |k Rodrigo Vera 
999 |c 277010  |d 277008